000 00322nam a22001217a 4500
008 230621b xxu||||| |||| 00| 0 eng d
020 _a9291420652
082 _a328.3
_bIPU 1999
245 _aParticipation of Women in Political Life
260 _aGeneva
_bInter-Parliamentary Union
_c1999
300 _a74p
942 _2ddc
_cBK
999 _c2312
_d2312